Statistics for Video Game By Screenshot

Click here to take the quiz!

General Stats

  • This quiz has been taken 25 times
  • The average score is 8 of 16

Answer Stats

Answer% Correct
Forza
86%
The Legend of Zelda
86%
Call of Duty
68%
Mortal Kombat
68%
Overcooked
68%
Raft
68%
Genshin Impact
50%
Mafia
50%
Dead By Daylight
45%
Far Cry
41%
The Last Of Us
41%
Bloodborne
32%
Tomb Raider
32%
Duke Nukem
27%
Warframe
23%
Rogue Company
5%

Score Distribution

Percentile by Number Answered

Percent of People with Each Score

Your Score History

You have not taken this quiz